Statistics for Top Chocolate Importing Countries ( in dollars)

Click here to take the quiz!

General Stats

  • This quiz has been taken 32 times
  • The average score is 9 of 10

Answer Stats

$ amountAnswer% Correct
$2.9 billionUnited States
100%
$2.42 billionGermany
96%
$2.24 billionUnited Kingdom
96%
$2.21 billionFrance
92%
$610 millionItaly
88%
$600 millionSpain
88%
$1.02 billionCanada
83%
$940 millionPoland
79%
$790 millionBelgium
75%
$1.34 billionNetherlands
67%

Score Distribution

Percentile by Number Answered

Percent of People with Each Score

Your Score History

You have not taken this quiz